| 000 | 00801cam a2200277 a 4500 | ||
|---|---|---|---|
| 008 | |||
| 020 | _a0632052481 (pbk.) | ||
| 049 | _aMAIN | ||
| 050 | 0 | 0 |
_aTT497.C33 _bTYL |
| 100 | 1 | _aTyler, David. | |
| 245 | 1 | 0 |
_aCarr and Latham's technology of clothing manufacture / _cRevised by David J. Tyler. |
| 246 | 3 | 0 | _aTechnology of clothing manufacture |
| 250 | _a3rd. ed. | ||
| 260 |
_aOxford : _bBlackwell Pub., _cc2000 |
||
| 300 |
_avi, 281 p. : _bill. ; _c25 cm. |
||
| 500 | _aIncludes Index. | ||
| 504 | _aIncludes bibliographical references. | ||
| 650 | 0 | _aClothing trade. | |
| 650 | 0 | _aSewing. | |
| 650 | 0 | _aDressmaking. | |
| 907 |
_a.b10266483 _b02-11-09 _c17-09-09 |
||
| 003 | |||
| 005 | 20230123124946.0 | ||
| 040 | _cNUST | ||
| 942 | _cBOOKS | ||
| 999 |
_c133260 _d133260 |
||